|
|
|
|
| LEADER |
00871nam a2200241 4500 |
| 001 |
c000387779 |
| 003 |
CARM |
| 005 |
00000000000000.0 |
| 008 |
930928s1920 enka 00000 eng d |
| 019 |
1 |
|
|a 69851616
|5 LACONCORD2021
|
| 035 |
|
|
|a (OCoLC)1268256141
|5 LACONCORD2021
|
| 040 |
|
|
|a VDU
|c VDU
|
| 100 |
1 |
|
|a Allcock, John B.
|
| 245 |
0 |
0 |
|a Municipal accounts.
|
| 250 |
|
|
|a "3d ed."
|
| 260 |
|
|
|a London,
|b Gee,
|c 1920.
|
| 300 |
|
|
|a v, 190 p.
|b incl. tables.
|c 22 cm.
|
| 490 |
0 |
|
|a The Accountants' library ;
|v vol. XXI.
|
| 500 |
|
|
|a Added t.p.: "The Accountants' library" (second series)
|
| 650 |
|
0 |
|a Municipal finance
|x Accounting.
|
| 852 |
8 |
|
|b CARM
|h A3:AD23A0
|i B11613
|p 0479612
|f BK
|
| 999 |
f |
f |
|i 5fd79301-6cc6-525f-a487-fd4babd6fd07
|s d5dfac30-2cca-5936-b65c-c8db8a520391
|
| 952 |
f |
f |
|p Can circulate
|a CAVAL
|b CAVAL
|c CAVAL
|d CARM 1 Store
|e B11613
|f A3:AD23A0
|h Other scheme
|i book
|m 0479612
|